000 00780nam a2200253Ia 4500
003 OSt
005 20220930065022.0
006 a|||||r|||| 00| 0
007 ta
008 220926b |||||||| |||| 00| 0 eng d
024 _a5011
037 _cTheses
040 _aCRL
_cCRL
_beng
041 _2eng
_aeng
100 _aJain Anil Kumar
110 _aUniversity of Delhi. Faculty of Science. Department of Chemistry
_9519399
245 0 _aChemical investigation of some Indian medicinal plants
260 _c1985
650 _aCHEMISTRY
700 _a Prof S R Gupta Supervisor
_9523102
700 _aUniversity of Delhi. Faculty of Science. Department of Chemistry
_9519402
942 _cDIS
_2CC
999 _c858972
_d858972